[Event "lets play chess"]
[Site "SchemingMind.com"]
[Date "2008.07.13"]
[Round "-"]
[White "crespov"]
[Black "bodek77"]
[Result "1-0"]
[WhiteCountry "CHI"]
[BlackCountry "POL"]
[WhiteElo "1718"]
[WhiteRD "85"]
[BlackElo "1888"]
[BlackRD "75"]
[GameID "163237"]

1. c4 Nf6 2. Nc3 e5 3. e4 Bc5 4. g3 d6 5. Bg2 O-O 6. Nge2 Nc6 7. O-O Bg4 8. h3 Bxe2 9. Nxe2 Nd4 10. d3 Nxe2+
11. Qxe2 Bd4 12. Rb1 c6 13. Be3 Bxe3 14. Qxe3 d5 15. cxd5 cxd5 16. exd5 Nxd5 17. Qxe5 Nb4 18. Qc3 Qd6 19. a3 Nc6 20. Rbc1 Rac8
21. Qd2 Nd4 22. Qe3 Rfe8 23. Rxc8 Rxc8 24. Re1 h6 25. Qd2 Rc2 26. Re8+ Kh7 27. Qa5 Rxb2 28. Qxa7 Rb1+ 29. Kh2 Qd7 30. Qa8 f5
31. Rh8+ Kg6 32. Rd8 Qe7 33. Rxd4 Qe1 34. h4 Qg1+ 35. Kh3 Qxf2 36. h5+ Kh7 37. Rd8
1-0

[Event "lets play chess"]
[Site "SchemingMind.com"]
[Date "2008.07.13"]
[Round "-"]
[White "smothered mate"]
[Black "aston294"]
[Result "1-0"]
[WhiteCountry "POL"]
[BlackCountry "ENG"]
[WhiteElo "1926"]
[WhiteRD "48"]
[BlackElo "1122"]
[BlackRD "70"]
[GameID "163238"]

1. e4 e5 2. Nf3 Nc6 3. Bc4 Nd4 4. Nxd4 exd4 5. c3 c5 6. d3 Nf6 7. O-O dxc3 8. Nxc3 d5 9. exd5 Nxd5 10. Nxd5 Be6
11. Re1 Kd7 12. Qa4+ Kd6 13. Bf4#
1-0

[Event "lets play chess"]
[Site "SchemingMind.com"]
[Date "2008.07.13"]
[Round "-"]
[White "bodek77"]
[Black "crespov"]
[Result "0-1"]
[WhiteCountry "POL"]
[BlackCountry "CHI"]
[WhiteElo "1907"]
[WhiteRD "78"]
[BlackElo "1754"]
[BlackRD "81"]
[GameID "163243"]

1. e4 c5 2. Nf3 Nc6 3. Nc3 d6 4. Bb5 Bd7 5. d4 cxd4 6. Nxd4 e6 7. Qf3 Nf6 8. Nxc6 Bxc6 9. Bxc6+ bxc6 10. e5 Nd5
11. Bf4 Nxf4 12. Qxf4 d5 13. O-O Be7 14. Ne2 O-O 15. c4 Qb6 16. b3 a5 17. cxd5 cxd5 18. Rac1 Rac8 19. Nc3 Bb4 20. Na4 Qa7
21. Nb2 Ba3 22. Rxc8 Rxc8 23. Nd3 h6 24. Qa4 Bc5 25. h3 Bd4 26. b4 axb4 27. Qxa7 Bxa7 28. Nxb4 Bd4 29. Re1 Ra8 30. Nc6 Bc3
31. Re2 Ra6 32. Ne7+ Kf8 33. Nc8 Bd4 34. Kf1 Bc5 35. Rc2 Bd4 36. f4 f6 37. Rd2 fxe5 38. fxe5 Bxe5 39. Ke2 Bc3 40. Rc2 Be5
41. Kd3 Bf6 42. Rf2 Ke8 43. Rc2 Kd7 44. g4 Bd8 45. Ke3 Ra8
0-1

[Event "lets play chess"]
[Site "SchemingMind.com"]
[Date "2008.07.13"]
[Round "-"]
[White "aston294"]
[Black "smothered mate"]
[Result "0-1"]
[WhiteCountry "ENG"]
[BlackCountry "POL"]
[WhiteElo "1122"]
[WhiteRD "70"]
[BlackElo "1926"]
[BlackRD "48"]
[GameID "163244"]

1. e4 c5 2. Bc4 e6 3. Nc3 Nf6 4. Nb5 a6 5. Nc3 d5 6. Nxd5 exd5 7. exd5 Bd6 8. Qe2+ Qe7 9. d3 b5 10. Bb3 O-O
11. Nf3 Re8 12. Ng5 Qxe2#
0-1

[Event "lets play chess"]
[Site "SchemingMind.com"]
[Date "2008.07.25"]
[Round "-"]
[White "lame wolf"]
[Black "loco61"]
[Result "0-1"]
[WhiteCountry "INT"]
[BlackCountry "ENG"]
[WhiteElo "1074"]
[WhiteRD "50"]
[BlackElo "1653"]
[BlackRD "67"]
[GameID "164891"]

1. c4 e5 2. d4 exd4 3. Qxd4 Nc6 4. Qd1 Bc5 5. e3 Nf6 6. Nc3 O-O 7. b3 Bb4 8. Bd2 d6 9. Bd3 Be6 10. Ne4 Bxd2+
11. Qxd2 Qe7 12. Nxf6+ Qxf6 13. Qc1 Nb4 14. Be4 Rfe8 15. Bxb7 Nd3+ 16. Kd2 Nxc1 17. Rxc1 Rab8 18. Bd5 Bf5 19. Nf3 Qb2+ 20. Kd1 Qxf2
21. Rf1 Qxf1+ 22. Kd2 Qxg2+ 23. Kc3 Rxe3+ 24. Kd4 Rbe8
0-1

[Event "lets play chess"]
[Site "SchemingMind.com"]
[Date "2008.07.25"]
[Round "-"]
[White "loco61"]
[Black "lame wolf"]
[Result "1-0"]
[WhiteCountry "ENG"]
[BlackCountry "INT"]
[WhiteElo "1653"]
[WhiteRD "67"]
[BlackElo "1074"]
[BlackRD "50"]
[GameID "164895"]

1. e4 d5 2. exd5 Qxd5 3. Nc3 Qd8 4. Bc4 e6 5. Nf3 Bd6 6. d4 Bb4 7. Bd2 Bxc3 8. Bxc3 Bd7 9. Qd2 Nf6 10. O-O-O O-O
11. Rhe1 Qe7 12. Bb4 Qd8 13. Bxf8 Qxf8 14. Ne5 Nc6 15. d5 Nxe5 16. Rxe5 Ne4 17. Rxe4 f5 18. dxe6 fxe4 19. e7+
1-0

[Event "lets play chess"]
[Site "SchemingMind.com"]
[Date "2008.08.05"]
[Round "-"]
[White "e_castle3"]
[Black "egis"]
[Result "0-1"]
[WhiteCountry "PHI"]
[BlackCountry "LTU"]
[WhiteElo "1700"]
[WhiteRD "68"]
[BlackElo "2013"]
[BlackRD "74"]
[GameID "165564"]

1. Nf3 Nf6 2. g3 b6 3. Bg2 Bb7 4. O-O e6 5. d3 d5 6. Bg5 h6 7. Bxf6 Qxf6 8. Nc3 Be7 9. Nb5 Bd6 10. Nxd6+ cxd6
11. Qd2 O-O 12. c3 Nc6 13. Rfc1 a5 14. b4 axb4 15. cxb4 Ba6 16. Rab1 Bb5 17. Rc2 Ra4 18. Rcb2 Nd4 19. Nxd4 Qxd4 20. Rc1 Rd8
21. Rcc2 Ra3 22. Qf4 Qxf4 23. gxf4 g6 24. Bf3 f5 25. Kg2 h5 26. Kg3 Kf7 27. Rc7+ Rd7 28. Rbc2 Ra4 29. Rxd7+ Bxd7 30. Rc7 Ke8
31. Kh4 Kd8 32. Rc2 Rxb4 33. Kg5 Ba4 34. Rc3 Rb2 35. a3 Kd7 36. Kxg6 Bd1 37. Bxh5 Bxe2 38. f3 d4 39. Rc4 Bxd3 40. Rxd4 Bb5
41. a4 Bc6 42. h4 Ke7 43. Rc4 Bd7 44. Kh6 d5 45. Rd4 Kf6 46. Bg6 Rc2 47. Rb4 Rc4 48. Rxb6 Rxf4 49. Rd6 Rxh4+ 50. Bh5 Be8
0-1

[Event "lets play chess"]
[Site "SchemingMind.com"]
[Date "2008.08.05"]
[Round "-"]
[White "Carl Lenox"]
[Black "griffimv"]
[Result "0-1"]
[WhiteCountry "CAN"]
[BlackCountry "INT"]
[WhiteElo "1235"]
[WhiteRD "56"]
[BlackElo "2322"]
[BlackRD "87"]
[GameID "165565"]

1. e4 c5 2. Nc3 Nc6 3. Nf3 d6 4. Bc4 Nf6 5. d3 e6 6. Be3 Be7 7. a3 a6 8. O-O O-O 9. b3 b5 10. Rb1 bxc4
11. bxc4 Rb8 12. Re1 Ng4 13. h3 Nxe3 14. Rxe3 Qa5 15. Rb3 Rxb3 16. cxb3 Qxc3 17. Qb1 Nd4 18. Nd2 Qxd2 19. Re1 Bh4 20. b4 Qxf2+
21. Kh2 Nf3+
0-1

[Event "lets play chess"]
[Site "SchemingMind.com"]
[Date "2008.08.05"]
[Round "-"]
[White "egis"]
[Black "e_castle3"]
[Result "1-0"]
[WhiteCountry "LTU"]
[BlackCountry "PHI"]
[WhiteElo "1979"]
[WhiteRD "70"]
[BlackElo "1725"]
[BlackRD "68"]
[GameID "165574"]

1. e4 d6 2. d4 c6 3. Nf3 Bg4 4. Be2 e6 5. O-O Nf6 6. e5 dxe5 7. Nxe5 Bxe2 8. Qxe2 Qxd4 9. Nc3 Nbd7 10. Nxd7 Qxd7
11. Bg5 Be7 12. Qe5 O-O 13. Qf4 Nd5 14. Nxd5 Bxg5 15. Qxg5 cxd5 16. b3 Rac8 17. Rac1 Rc7 18. Rfd1 Qe7 19. Qe5 Rfc8 20. a4 h6
21. Rd2 Qb4 22. Qe2 Rc3 23. Ra1 Qc5 24. Ra2 a6 25. Qd1 Kf8 26. Qg4 e5 27. Qf5 Rxb3 28. h3 Rb1+ 29. Kh2 d4 30. c3 Re1
31. cxd4 Qc1 32. dxe5 Rh1+ 33. Kg3 Qc3+ 34. Rd3 Qc4 35. Raa3 Rc1 36. a5 Qb4 37. Rab3 Qxa5 38. Rd7 R1c3+ 39. Kh2 f6 40. f4 R3c7
41. Rxg7 Kxg7 42. Rg3+ Kf8 43. Qxf6+ Ke8 44. Qe6+
1-0

[Event "lets play chess"]
[Site "SchemingMind.com"]
[Date "2008.08.05"]
[Round "-"]
[White "griffimv"]
[Black "Carl Lenox"]
[Result "1-0"]
[WhiteCountry "INT"]
[BlackCountry "CAN"]
[WhiteElo "2322"]
[WhiteRD "87"]
[BlackElo "1235"]
[BlackRD "56"]
[GameID "165575"]

1. e4 e5 2. Nf3 Nc6 3. Bb5 Nf6 4. O-O Nxe4 5. d4 g6 6. Re1 a6 7. Ba4 b5 8. Bb3 Bg7 9. Rxe4 f6 10. dxe5 fxe5
11. Bg5 Ne7 12. Nxe5 d6 13. Nc6 Qd7 14. Rxe7+ Kf8 15. Rxd7 Bxd7 16. Qd5 Bxb2 17. Qf7#
1-0

[Event "lets play chess"]
[Site "SchemingMind.com"]
[Date "2008.08.02"]
[Round "-"]
[White "maro"]
[Black "esteves101"]
[Result "0-1"]
[WhiteCountry "MEX"]
[BlackCountry "PHI"]
[WhiteElo "1326"]
[WhiteRD "61"]
[BlackElo "2096"]
[BlackRD "62"]
[GameID "165756"]

1. e4 e5 2. d4 exd4 3. Qxd4 Nc6 4. Qc4 Nf6 5. Bf4 d5 6. exd5 Nxd5 7. Bg3 Qe7+ 8. Ne2 Be6 9. a3 h5 10. h4 O-O-O
11. Nd4 Nxd4 12. Qxd4 Bg4+ 13. Kd2 Nb4 14. Bd6 Rxd6 15. Kc3 Rxd4 16. Kxd4 Qc5+ 17. Ke4 f5+ 18. Kf4 Qd6+ 19. Ke3 Nxc2#
0-1

[Event "lets play chess"]
[Site "SchemingMind.com"]
[Date "2008.08.02"]
[Round "-"]
[White "esteves101"]
[Black "maro"]
[Result "1-0"]
[WhiteCountry "PHI"]
[BlackCountry "MEX"]
[WhiteElo "2096"]
[WhiteRD "62"]
[BlackElo "1326"]
[BlackRD "61"]
[GameID "165766"]

1. e4 e5 2. Nf3 Nc6 3. d4 Bb4+ 4. c3 Bd6 5. Bd3 exd4 6. cxd4 f6 7. Nc3 Nge7 8. O-O Ng6 9. Qb3 Qe7 10. Re1 Nf4
11. e5 Bb4 12. exf6 Qxe1+ 13. Nxe1 a5 14. fxg7 Nxd4 15. gxh8=Q+ Ke7 16. Qg7+ Kd6 17. Bxf4+ Kc6 18. Qxd4
1-0

[Event "lets play chess"]
[Site "SchemingMind.com"]
[Date "2008.08.03"]
[Round "-"]
[White "sidra"]
[Black "Orange Lion"]
[Result "0-1"]
[WhiteCountry "HUN"]
[BlackCountry "NED"]
[WhiteElo "1597"]
[WhiteRD "89"]
[BlackElo "2337"]
[BlackRD "89"]
[GameID "165913"]

1. d4 e6 2. a3 Nf6 3. c4 b6 4. e3 Bb7 5. f3 c5 6. dxc5 Bxc5 7. b4 Be7 8. Bd3 a5 9. b5 d5 10. cxd5 Nxd5
11. Ne2 Bc5 12. e4 Ne3 13. Bxe3 Bxe3 14. Nec3 Nd7 15. Qe2 Bd4 16. a4 Ne5 17. Bc2 Rc8 18. Ra3 O-O 19. Bd3 Bxc3+ 20. Rxc3 Rxc3
21. Nxc3 Nxd3+ 22. Kf1 Qd4 23. Qd2 Rc8 24. Na2 Bxe4 25. fxe4 Qf6+ 26. Ke2 Qf2+ 27. Kxd3 Rd8+ 28. Kc3 Qxd2+ 29. Kb3 Rd3+ 30. Nc3 Rxc3#
0-1

[Event "lets play chess"]
[Site "SchemingMind.com"]
[Date "2008.08.04"]
[Round "-"]
[White "murmac"]
[Black "psyberduck"]
[Result "1-0"]
[WhiteCountry "SCO"]
[BlackCountry "USA"]
[WhiteElo "1460"]
[WhiteRD "79"]
[BlackElo "1316"]
[BlackRD "121"]
[GameID "165914"]

1. e4 e5 2. Nf3 Nc6 3. Bc4 Nf6 4. Nc3 Bc5 5. d3 O-O 6. Bg5 h6 7. Bh4 Bd4 8. Nxd4 Nxd4 9. Bxf6 Qxf6 10. Qd2 d6
11. O-O-O Be6 12. f3 Qg5 13. f4 Qg4 14. Ne2 Nxe2+ 15. Kb1 exf4 16. Rde1 f3 17. gxf3 Qg2 18. Qxe2 Bh3 19. Qe3 c6 20. Reg1 Qxg1+
21. Qxg1 Rae8 22. Qg3 Be6 23. Bxe6
1-0

[Event "lets play chess"]
[Site "SchemingMind.com"]
[Date "2008.08.03"]
[Round "-"]
[White "Orange Lion"]
[Black "sidra"]
[Result "1-0"]
[WhiteCountry "NED"]
[BlackCountry "HUN"]
[WhiteElo "2337"]
[WhiteRD "89"]
[BlackElo "1597"]
[BlackRD "89"]
[GameID "165923"]

1. Nf3 d5 2. c4 e6 3. g3 c6 4. d4 f6 5. Nc3 Bb4 6. Qb3 Bxc3+ 7. Qxc3 Ne7 8. Bg2 O-O 9. O-O b6 10. Ne1 Bb7
11. Nc2 Ba6 12. b3 dxc4 13. bxc4 Bb7 14. Ba3 Re8 15. Qb3 Nf5 16. Rfd1 Qc7 17. c5 b5 18. e4 Nh6 19. d5 exd5 20. exd5 Nf7
21. Re1 Na6 22. Nd4 cxd5 23. c6 Bxc6 24. Nxc6 b4 25. Nxb4 Nxb4 26. Bxb4 Rxe1+ 27. Rxe1 a5 28. Qxd5 Rb8 29. Re7 Qc1+ 30. Bf1 Rf8
31. Qxf7+ Rxf7 32. Re8+ Rf8 33. Rxf8#
1-0

[Event "lets play chess"]
[Site "SchemingMind.com"]
[Date "2008.08.04"]
[Round "-"]
[White "psyberduck"]
[Black "murmac"]
[Result "0-1"]
[WhiteCountry "USA"]
[BlackCountry "SCO"]
[WhiteElo "1316"]
[WhiteRD "121"]
[BlackElo "1460"]
[BlackRD "79"]
[GameID "165924"]

1. e4 c5 2. Nc3 Nc6 3. Nf3 Nf6 4. Bc4 d6 5. O-O e5 6. Ng5 Be6 7. Bxe6 fxe6 8. Nxe6 Qd7 9. Nxf8 Rxf8 10. Nd5 Nxd5
11. exd5 Nd4 12. d3 Ke7 13. Bg5+ Ke8 14. c3 Nf5 15. d4 cxd4 16. cxd4 Qf7 17. Rc1 Nxd4 18. Re1 Qxd5 19. Qg4 h6 20. Qe4 Qf7
21. b3 Qxf2+ 22. Kh1 hxg5
0-1

[Event "lets play chess"]
[Site "SchemingMind.com"]
[Date "2008.08.04"]
[Round "-"]
[White "adamsrichg"]
[Black "Teagy"]
[Result "1-0"]
[WhiteCountry "USA"]
[BlackCountry "ENG"]
[WhiteElo "1822"]
[WhiteRD "85"]
[BlackElo "1855"]
[BlackRD "77"]
[GameID "166047"]

1. e4 e6 2. d4 d5 3. Nd2 Be7 4. Bd3 c5 5. dxc5 Nf6 6. exd5 Qxd5 7. Ndf3 Nbd7 8. b4 a5 9. c4 Qh5 10. b5 Nxc5
11. Be2 O-O 12. Nh3 Ng4 13. Bf4 Ne4 14. Ne5 Bb4+ 15. Kf1 Ne3+ 16. fxe3 Qh4 17. Bf3 Rd8 18. Qc2 Nd2+ 19. Ke2 f6 20. Bg3 Qh6
21. Ng4 Qg6 22. Qxg6 hxg6 23. Rhd1 e5 24. a3 Bxg4 25. Bxg4
1-0

[Event "lets play chess"]
[Site "SchemingMind.com"]
[Date "2008.08.05"]
[Round "-"]
[White "Teagy"]
[Black "adamsrichg"]
[Result "0-1"]
[WhiteCountry "ENG"]
[BlackCountry "USA"]
[WhiteElo "1816"]
[WhiteRD "77"]
[BlackElo "1938"]
[BlackRD "74"]
[GameID "166054"]

1. e4 c5 2. Nc3 Nc6 3. d3 g6 4. g3 Bg7 5. Bg2 d6 6. f4 Nf6 7. Nf3 Bg4 8. h3 Bd7 9. O-O O-O 10. Be3 a6
11. Qd2 b5 12. Rab1 b4 13. Ne2 Qc8 14. Kh2 a5 15. Nh4 e6 16. f5 exf5 17. exf5 Ra7 18. Bh6 Ne7 19. Ng1 Nxf5 20. Nxf5 Bxf5
21. d4 Ne4 22. Qc1 Qc7 23. Nf3 Re8 24. Bxg7 Kxg7 25. d5 Nf6 26. Re1 Re7 27. Qd2 Qd8 28. g4 Be4 29. g5 Nd7 30. Rf1 Ne5
31. Rbe1 Nxf3+ 32. Bxf3 Bxf3 33. Rxe7 Rxe7 34. Rxf3 Re5 35. h4 Qe7 36. Kg3 Re2
0-1

[Event "lets play chess"]
[Site "SchemingMind.com"]
[Date "2008.08.11"]
[Round "-"]
[White "spoke"]
[Black "The Mighty Scot"]
[Result "1-0"]
[WhiteCountry "GER"]
[BlackCountry "USA"]
[WhiteElo "1788"]
[WhiteRD "63"]
[BlackElo "1288"]
[BlackRD "112"]
[GameID "166325"]

1. e4 e5 2. Nf3 Nc6 3. Bc4 Nf6 4. Ng5 d5 5. exd5 Nxd5 6. Nxf7 Qf6 7. Bxd5 Bc5 8. Qf3 Qxf3 9. gxf3 Rf8 10. Ng5 Nd4
11. Bb3 Nxf3+ 12. Nxf3 Rxf3 13. Bd5 Rxf2 14. b4 Bd4 15. c3 Bb6 16. d4 Rf5 17. Be4 Rh5 18. a4 exd4 19. c4 Rh4 20. Bd3 a5
21. b5 Bc5 22. Na3 Bb4+ 23. Bd2 Bxd2+ 24. Kxd2 Bg4 25. Rae1+ Kf8 26. Re4 g5 27. Nc2 Kg8 28. Nxd4 Rd8 29. h3 Bxh3 30. Rxh4 gxh4
31. Kc3 Bd7 32. Rxh4 c6 33. bxc6 bxc6 34. Bxh7+ Kg7 35. Nf5+ Bxf5 36. Bxf5 c5 37. Rh7+ Kf6 38. Rd7 Rxd7 39. Bxd7 Ke5 40. Kd3 Kd6
41. Bh3 Ke5 42. Ke3 Kd6 43. Ke4 Kc6 44. Ke5 Kb6 45. Kd6 Ka6 46. Kxc5 Ka7 47. Kb5 Kb7 48. c5 Kc7 49. c6 Kd6 50. Kb6 Kd5
51. c7 Kc4 52. c8=Q+ Kb4 53. Be6 Kxa4 54. Qc4+
1-0

[Event "lets play chess"]
[Site "SchemingMind.com"]
[Date "2008.08.11"]
[Round "-"]
[White "The Mighty Scot"]
[Black "spoke"]
[Result "0-1"]
[WhiteCountry "USA"]
[BlackCountry "GER"]
[WhiteElo "1288"]
[WhiteRD "112"]
[BlackElo "1788"]
[BlackRD "63"]
[GameID "166334"]

1. e4 e5 2. Nf3 Nc6 3. Bb5 Bb4 4. Bxc6 dxc6 5. Nxe5 Qd4 6. Qe2 Qxe5 7. O-O Bf5 8. d3 Nf6 9. c3 Ba5 10. Re1 Bg6
11. Nd2 O-O-O 12. Nc4 Qb5 13. Qe3 Bb6 14. Nxb6+ Qxb6 15. Qxb6 cxb6 16. d4 Nxe4 17. Bf4 Rhe8 18. f3 Nf6 19. Rxe8 Rxe8 20. Kf1 Bd3+
21. Kg1 Nd5 22. Be5 f6 23. Rd1 Bc4 24. Bg3 a5 25. b3 Nxc3 26. Rc1 Ne2+ 27. Kf2 Nxc1
0-1

[Event "lets play chess"]
[Site "SchemingMind.com"]
[Date "2008.08.09"]
[Round "-"]
[White "Dr_Pat"]
[Black "RIMA7000"]
[Result "0-1"]
[WhiteCountry "USA"]
[BlackCountry "PER"]
[WhiteElo "1970"]
[WhiteRD "60"]
[BlackElo "1959"]
[BlackRD "108"]
[GameID "166422"]

1. d4 Nf6 2. c4 e6 3. Nc3 Bb4 4. Qc2 d5 5. a3 Bxc3+ 6. Qxc3 Nc6 7. Nf3 O-O 8. e3 a5 9. Qc2 Qd6 10. Bd2 Re8
11. c5 Qe7 12. Bb5 Bd7 13. O-O Ne4 14. Rfd1 Ne5 15. Nxe5 Bxb5 16. a4 Be2 17. Re1 Bh5 18. f3 Nxd2 19. Qxd2 f6 20. Nd3 e5
21. Qc3 e4 22. Nf4 Bf7 23. fxe4 Qxe4 24. Ra3 g5 25. Ne2 Qe7 26. Rb3 c6 27. Ng3 Bg6 28. Qd2 Kg7 29. Rf1 Rf8 30. Qf2 Qd7
31. Qe2 Rae8 32. Rf2 h6
0-1

[Event "lets play chess"]
[Site "SchemingMind.com"]
[Date "2008.08.07"]
[Round "-"]
[White "z"]
[Black "paddyBosnian"]
[Result "0-1"]
[WhiteCountry "IRQ"]
[BlackCountry "BIH"]
[WhiteElo "1719"]
[WhiteRD "54"]
[BlackElo "2092"]
[BlackRD "98"]
[GameID "166423"]

1. b4 d5 2. Bb2 e6 3. e3 Nf6 4. b5 c5 5. c4 Bd6 6. Nf3 Nbd7 7. d4 O-O 8. Nbd2 Qc7 9. Bd3 Re8 10. O-O b6
11. Qc2 Bb7 12. a4 e5 13. dxe5 Nxe5 14. Nxe5 Bxe5 15. Nf3 dxc4 16. Bxc4 Bxb2 17. Qxb2 Ng4 18. Rfd1 Bxf3 19. gxf3 Qxh2+ 20. Kf1 Nxe3+
21. Ke2 Nxc4+
0-1

[Event "lets play chess"]
[Site "SchemingMind.com"]
[Date "2008.08.12"]
[Round "-"]
[White "Sixmax"]
[Black "Schaakmaatje"]
[Result "1-0"]
[WhiteCountry "DEN"]
[BlackCountry "NED"]
[WhiteElo "2197"]
[WhiteRD "76"]
[BlackElo "1851"]
[BlackRD "48"]
[GameID "166424"]

1. e4 e5 2. Nf3 Nc6 3. Bb5 a6 4. Bxc6 dxc6 5. O-O Bd6 6. d4 Bg4 7. dxe5 Bxf3 8. Qxf3 Bxe5 9. Nd2 Nf6 10. Qf5 Qe7
11. Nf3 Nd7 12. Nxe5 Qxe5 13. Re1 O-O-O 14. Qxf7 Rhf8 15. Qb3 Nc5 16. Qg3 Qxg3 17. hxg3 Rd7 18. f3 Ne6 19. Be3 Nd4 20. Rac1 Rf6
21. f4 b6 22. c3 Ne6 23. f5 Nf8 24. g4 h6 25. e5 Rff7 26. e6
1-0

[Event "lets play chess"]
[Site "SchemingMind.com"]
[Date "2008.08.10"]
[Round "-"]
[White "RIMA7000"]
[Black "Dr_Pat"]
[Result "1-0"]
[WhiteCountry "PER"]
[BlackCountry "USA"]
[WhiteElo "1959"]
[WhiteRD "108"]
[BlackElo "1970"]
[BlackRD "60"]
[GameID "166432"]

1. Nf3 Nf6 2. d4 g6 3. c4 Bg7 4. Nc3 O-O 5. e4 d6 6. Be2 b6 7. O-O Bb7 8. Qc2 Nc6 9. Rd1 Qd7 10. e5 Nh5
11. Ng5 Nb4 12. Qb3 h6 13. Nge4 Nc6 14. Nd5 f5 15. Ng3 Nxg3 16. Qxg3 g5 17. f4 g4 18. Be3 e6 19. Nc3 Rad8 20. Qh4 Qf7
21. h3 dxe5 22. dxe5 gxh3 23. gxh3 a6 24. Kf2 Qe7 25. Qxe7 Nxe7 26. a4 Nc6 27. c5 bxc5 28. Bxc5 Rfe8 29. Rxd8 Rxd8 30. Ke3 Na5
31. Rg1 Kh8 32. Be7 Rd7 33. Bb4 Nc6 34. Bc5 Rd8 35. Bc4 Bc8 36. b4
1-0

[Event "lets play chess"]
[Site "SchemingMind.com"]
[Date "2008.08.08"]
[Round "-"]
[White "paddyBosnian"]
[Black "z"]
[Result "1-0"]
[WhiteCountry "BIH"]
[BlackCountry "IRQ"]
[WhiteElo "2092"]
[WhiteRD "98"]
[BlackElo "1719"]
[BlackRD "54"]
[GameID "166433"]

1. e4 a6 2. d4 b5 3. Bd3 e6 4. Nf3 c5 5. c3 Bb7 6. O-O Nf6 7. Re1 Qc7 8. Nbd2 h6 9. Nf1 d5 10. Ng3 Nc6
11. exd5 Nxd5 12. c4 bxc4 13. Bxc4 Rd8 14. Bd2 cxd4 15. Qb3 Bc5 16. Bxd5 Na5 17. Bxa5 Qxa5 18. Bxb7 O-O 19. Be4 Rb8 20. Qc2 f5
21. Bd3 Rb7 22. Rxe6
1-0

[Event "lets play chess"]
[Site "SchemingMind.com"]
[Date "2008.08.12"]
[Round "-"]
[White "Schaakmaatje"]
[Black "Sixmax"]
[Result "0-1"]
[WhiteCountry "NED"]
[BlackCountry "DEN"]
[WhiteElo "1804"]
[WhiteRD "46"]
[BlackElo "2231"]
[BlackRD "69"]
[GameID "166434"]

1. d4 c5 2. Nf3 cxd4 3. Nxd4 d5 4. Nc3 e5 5. Nb3 Nf6 6. Bg5 d4 7. Ne4 Bf5 8. Ng3 Be6 9. e4 Bb4+ 10. Nd2 h6
11. Bb5+ Nc6 12. Bxf6 Qxf6 13. O-O O-O 14. Bc4 Bd7 15. a3 Ba5 16. b4 Bc7 17. h3 Ne7 18. Nf3 Rfc8 19. Qd2 Bxh3 20. gxh3 Qxf3
21. Be2 Qf6 22. Bg4 Rd8 23. Nh5 Qh4 24. Qd3 g6 25. Qg3 Qxg3+ 26. Nxg3 h5 27. Be2 h4 28. Nh1 Bd6 29. Bd3 Kg7 30. f3 g5
31. Nf2 Ng6 32. Rfd1 Rac8 33. Ra2 Rc3 34. Rd2 Ra8 35. Nd1 Rxa3 36. Rxa3 Bxb4 37. Rb3 Bxd2 38. Rxb7 a5 39. Bc4 Nf4 40. Rxf7+ Kg6
41. Kh2 Rc8 42. Bb3 a4
0-1

[Event "lets play chess"]
[Site "SchemingMind.com"]
[Date "2008.09.01"]
[Round "-"]
[White "loco61"]
[Black "griffimv"]
[Result "0-1"]
[WhiteCountry "ENG"]
[BlackCountry "INT"]
[WhiteElo "1703"]
[WhiteRD "68"]
[BlackElo "2243"]
[BlackRD "85"]
[GameID "168750"]

1. e4 c5 2. Nf3 d6 3. Bc4 Nf6 4. Nc3 Nc6 5. d4 cxd4 6. Nxd4 Qb6 7. Nxc6 bxc6 8. O-O g6 9. Rb1 Bg7 10. Be3 Qc7
11. Bg5 O-O 12. Qd2 Ng4 13. h3 Ne5 14. Bb3 Ba6 15. Rfe1 Rab8 16. Be3 e6 17. f4 Nc4 18. Bxc4 Bxc4 19. b3 Ba6 20. Bd4 e5
21. fxe5 dxe5 22. Bc5 Rfd8 23. Qe3 Rd7 24. Rbd1 Rbd8 25. Rxd7 Rxd7 26. Rd1 Rxd1+ 27. Nxd1 Qa5 28. a4 Bf8 29. Bxa7 c5 30. Qc3 Qc7
31. Bxc5 Bxc5+ 32. Kh1 Qd6 33. Qf3 Qd2 34. c4 Qe1+ 35. Kh2 Bg1+ 36. Kh1 Bf2+
0-1

[Event "lets play chess"]
[Site "SchemingMind.com"]
[Date "2008.09.01"]
[Round "-"]
[White "griffimv"]
[Black "loco61"]
[Result "1-0"]
[WhiteCountry "INT"]
[BlackCountry "ENG"]
[WhiteElo "2243"]
[WhiteRD "85"]
[BlackElo "1703"]
[BlackRD "68"]
[GameID "168755"]

1. e4 e5 2. Nf3 Nc6 3. Bb5 d6 4. d4 a6 5. Bxc6+ bxc6 6. dxe5 Bg4 7. exd6 cxd6 8. Nc3 Nf6 9. O-O Be7 10. e5 dxe5
11. Qxd8+ Rxd8 12. Nxe5 Bf5 13. Nxc6 Rd7 14. Re1 Be6 15. Bf4 Bd6 16. Bg5 O-O 17. Bxf6 gxf6 18. Rad1 Rc8 19. Rxd6 Rxc6 20. Rxc6
1-0

[Event "lets play chess"]
[Site "SchemingMind.com"]
[Date "2008.09.11"]
[Round "-"]
[White "smothered mate"]
[Black "Clive Everill"]
[Result "1-0"]
[WhiteCountry "POL"]
[BlackCountry "CZE"]
[WhiteElo "1877"]
[WhiteRD "53"]
[BlackElo "1686"]
[BlackRD "47"]
[GameID "170685"]

1. e4 d5 2. exd5 Qxd5 3. Nc3 Qa5 4. d4 Nf6 5. Bc4 c6 6. Nf3 Bg4 7. Bd2 Qc7 8. h3 Bh5 9. g4 Bg6 10. Ne5 e6
11. h4 h6 12. Nxg6 fxg6 13. Bxe6 Nbd7 14. Qe2 O-O-O 15. O-O-O Kb8 16. Rh3 Ka8 17. d5 Bd6 18. Rd3 Nc5 19. Rd4 Be5 20. Rc4 Nxe6
21. dxe6 Bxc3 22. Bxc3 Rxd1+ 23. Qxd1 Rd8 24. Rd4 Nd5 25. Bb4 a5 26. Bd2 Re8 27. Qe1 b6 28. c4 Nf6 29. g5 hxg5 30. hxg5 Ng8
31. Rd7 Qb8 32. Qe4 Ne7 33. c5 Nd5 34. Rxd5 cxd5 35. Qxd5+ Qb7 36. c6 Qc8 37. c7+ Ka7 38. Qd7 Kb7 39. Bf4 Rxe6 40. Qd5+ Ka7
41. a3 Re2 42. Qd8 Re1+ 43. Kd2 Re8 44. Qd6 Qf5 45. Be3 Qb5 46. b4 axb4 47. a4 Qa5 48. c8=N+ Rxc8 49. Qd7+
1-0

[Event "lets play chess"]
[Site "SchemingMind.com"]
[Date "2008.09.11"]
[Round "-"]
[White "Clive Everill"]
[Black "smothered mate"]
[Result "0-1"]
[WhiteCountry "CZE"]
[BlackCountry "POL"]
[WhiteElo "1686"]
[WhiteRD "47"]
[BlackElo "1877"]
[BlackRD "53"]
[GameID "170689"]

1. e4 c5 2. Nf3 d6 3. d4 cxd4 4. Nxd4 Nf6 5. Nc3 g6 6. Be3 Bg7 7. f3 O-O 8. Qd2 Nc6 9. O-O-O Bd7 10. h4 h5
11. Be2 Ne5 12. Rdg1 Qc8 13. g4 hxg4 14. fxg4 Bxg4 15. Bxg4 Nexg4 16. Bg5 Nh5 17. Nce2 Qc5 18. Bxe7 Rfe8 19. Bg5 Rxe4 20. Nb3 Qe5
21. Nc3 Re8 22. Nxe4 Qxb2+ 23. Kd1 Rxe4 24. Qxd6 Nf2+ 25. Kd2 Bc3#
0-1

[Event "lets play chess"]
[Site "SchemingMind.com"]
[Date "2008.10.01"]
[Round "-"]
[White "spoke"]
[Black "esteves101"]
[Result "0-1"]
[WhiteCountry "GER"]
[BlackCountry "PHI"]
[WhiteElo "1775"]
[WhiteRD "65"]
[BlackElo "2176"]
[BlackRD "67"]
[GameID "173195"]

1. e4 e5 2. Nf3 Nc6 3. Bc4 Nf6 4. Ng5 d5 5. exd5 Nxd5 6. Nxf7 Kxf7 7. Qf3+ Ke6 8. Nc3 Nb4 9. Qe4 c6 10. d4 Kd7
11. Nxd5 cxd5 12. Bb5+ Kc7
0-1

[Event "lets play chess"]
[Site "SchemingMind.com"]
[Date "2008.10.01"]
[Round "-"]
[White "esteves101"]
[Black "spoke"]
[Result "1-0"]
[WhiteCountry "PHI"]
[BlackCountry "GER"]
[WhiteElo "2176"]
[WhiteRD "67"]
[BlackElo "1775"]
[BlackRD "65"]
[GameID "173203"]

1. e4 e5 2. Nf3 Nc6 3. d4 exd4 4. Nxd4 Qf6 5. Nb5 Qd8 6. Bf4 d6 7. N1c3 a6 8. Nd4 Bd7 9. Nxc6 Bxc6 10. Qd4 Nf6
11. O-O-O Qd7 12. Bc4 O-O-O 13. e5
1-0